000 01994nam a2200577 i 4500
001 39220
003 KOSZ 005
005 20240405063127.0
008 000425s2000 pl a f f |000 0 pol
015 _aUWD 2000/7704
020 _a8388014072
035 _a991013819059705066
035 _a(PL-WaBN)b13718204-48omnis_nlop
035 _ab13718204
035 _a(OCoLC)750108623
035 _a(PL)b0000001371820
035 _a(EXLNZ-48OMNIS_NETWORK)9910178927905606
040 _aWA N
_cWA N
_dKOSZ 005/HR
041 0 _apol
046 _k2000
080 _a347.73"1989/..."(438)
080 _a336.1"1989/..."(438)
080 _a(075.8)
245 0 0 _aFinanse publiczne i prawo finansowe.
_nT. 1 /
_cpod red. nauk. Eugeniusza Ruśkowskiego ; aut. książki Elżbieta Chojna-Duch [et al.].
260 _aWarszawa :
_b"KiK" Konieczny i Kruszewski,
_c2000.
300 _a359 s. :
_b2 il. ;
_c24 cm.
336 _aTekst
_btxt
_2rdacontent
337 _aBez urządzenia pośredniczącego
_bn
_2rdamedia
338 _aWolumin
_bnc
_2rdacarrier
380 _aKsiążki
380 _aPublikacje dydaktyczne
385 _mPoziom nauczania
_aSzkoły wyższe
388 _a1901-2000
388 _a1989-2000
490 1 _aBiblioteka Przeglądu Podatkowego
504 _aBibliogr. przy rozdz.
648 7 _a1901-2000
_2DBN
648 7 _a1989-2000
_2DBN
650 7 _aFinanse publiczne
_2DBN
650 7 _aPrawo finansowe
_2DBN
651 7 _aPolska
_2DBN
655 7 _aPodręczniki akademickie
_2DBN
658 _aPrawo i wymiar sprawiedliwości
658 _aGospodarka, ekonomia, finanse
700 1 _aChojna-Duch, Elżbieta
_d(1948- )
_eAutor
700 1 _aRuśkowski, Eugeniusz
_d(1951-2021)
_eRedakcja
830 0 _aBiblioteka Przeglądu Podatkowego
856 _uhttp://koha.tu.koszalin.pl/cgi-bin/koha/opac-detail.pl?biblionumber=39220
_yKatalog online BPK
942 _2UKD
_cKS
999 _c39220
_d39220